|
|
|
|
| LEADER |
00872nam a2200241 a 4500 |
| 001 |
4596906 |
| 003 |
BD-DhAAL |
| 005 |
20260106142502.0 |
| 008 |
100324s1976 caua 000 0 eng d |
| 010 |
|
|
|a \\\76005702
|
| 020 |
|
|
|a 088390117X
|
| 040 |
|
|
|a DLC
|c DLC
|d DLC
|d BD-DhAAL
|
| 082 |
0 |
0 |
|a 153.43
|2 18
|
| 100 |
1 |
|
|a Kaufman, Roger A.
|9 6628
|
| 245 |
1 |
0 |
|a Identifying and solving problems :
|b a system approach /
|c Roger Kaufman.
|
| 260 |
|
|
|a La Jolla, Calif. :
|b University Associates,
|c c1976.
|
| 300 |
|
|
|a iv, 117 pages :
|b illustrations ;
|c 16 x 23 cm.
|
| 541 |
1 |
|
|e 00005129
|
| 650 |
|
0 |
|a Problem solving.
|
| 852 |
4 |
|
|a Ayesha Abed Library
|j General Shelf
|
| 942 |
|
|
|2 ddc
|c BK
|
| 999 |
|
|
|c 7849
|d 7849
|
| 952 |
|
|
|0 0
|1 0
|2 ddc
|4 0
|6 153_430000000000000_KAU_1976
|7 0
|9 8775
|a BRACUL
|b BRACUL
|c GEN
|d 2010-03-24
|g 550.00
|l 6
|m 19
|o 153.43 KAU
|p 3010005129
|r 2017-01-18
|s 2016-10-10
|t 1
|w 2010-03-24
|y BK
|